000 00456cam a2200193ua 4500
001 3084
005 20260515113630.0
008 110929n ii |||gr||||Z||||||asm
040 _cMAIN
082 _a891.4513
100 _aKalita, Satyaranjan,
245 1 1 _aDiamond robery
_cby Satyaranjan Kalita
250 _a3rd.
260 _aKolkata:
_bEducation,977.
300 _a104p:5cm.
653 _aAssamese novel
653 _aDiamond robery
942 _cBK
999 _c2928
_d2928